| LEADER 00000nam 2200000uu 4500 |
| 008 131002s2556||||th 000 0 tha d |
| 041 0 ^atha
|
| 060 4 ^aวจ WX150 ว435ก 2556
|
| 100 0 ^aวันเพ็ญ ศิวารมย์.
|
| 245 00 ^aรายงานวิจัย เรื่อง การพัฒนาตัวบ่งชี้การจัดบริการส่งเสริมสุขภาพและป้องกันโรคของโรงพยาบาลส่งเสริมสุขภาพตำบลเขตตรวจราชการสาธารณสุขที่ 10 และ 12./^bวันเพ็ญ ศิวารมย์.
|
| 260 ^aขอนแก่น : ^bศูนย์อนามัยที่ 6 กรมอนามัย กระทรวงสาธารณสุข,^c2556.
|
| 300 ^a157 หน้า ; ^bภาพประกอบ
|
| 650 4 ^aสาธารณสุข ^zไทย.
|
| 650 4 ^aการบริหารโรงพยาบาล.
|
| 650 4 ^aโรงพยาบาลส่งเสริมสุขภาพตำบล.
|
| 710 2 ^aกระทรวงสาธารณสุข. กรมอนามัย. ศูนย์อนามัยที่ 6.
|
| 999 ^aใช้งานได้ทุกระบบ
|